000 00297 a2200157 4500
001 173732
020 _a
040 _cMagnum
100 _aPinsky, Mirna
240 1 0 _aNo porao
_lpor
245 1 0 _aNo porao
362 0 _a1899
440 1 _aFTD
697 _aIJ/FADAS, FANTASIA
942 _cBK
999 _c173732
_d173732